ბათუმის შოთა რუსთაველის სახელმწიფო უნივერსიტეტის ბიბლიოთეკა

Muzeyi.The museum of Heydar Aliev / (ბიბ.ჩანაწერი № 36427)

000 -LEADER
fixed length control field 00559nam a2200205Ia 4500
001 - CONTROL NUMBER
control field 2341
003 - CONTROL NUMBER IDENTIFIER
control field GE_BSU
005 - DATE AND TIME OF LATEST TRANSACTION
control field 20221027102747.0
008 - FIXED-LENGTH DATA ELEMENTS--GENERAL INFORMATION
fixed length control field 181216s2007az xx |||||||||||||| ||aze||
040 ## - CATALOGING SOURCE
Transcribing agency GE_BSU
041 ## - LANGUAGE CODE
Language code of text/sound track or separate title aze
080 ## - UNIVERSAL DECIMAL CLASSIFICATION NUMBER
Universal Decimal Classification number 069 A-36
100 ## - MAIN ENTRY--PERSONAL NAME
Personal name Aliyev, Heydar.
9 (RLIN) 15566
245 ## - TITLE STATEMENT
Title Muzeyi.The museum of Heydar Aliev /
Statement of responsibility, etc. Heydar A liyev.
264 ## - PRODUCTION, PUBLICATION, DISTRIBUTION, MANUFACTURE, AND COPYRIGHT NOTICE
Place of production, publication, distribution, manufacture Naxgivan,
Date of production, publication, distribution, manufacture, or copyright notice 2007.
300 ## - PHYSICAL DESCRIPTION
Extent 19 p.:
653 ## - INDEX TERM--UNCONTROLLED
keyword Muzeyi.The museum of Heydar Aliev
653 ## - INDEX TERM--UNCONTROLLED
keyword ჰეიდარ ალიევის მუზეუმი
942 ## - ADDED ENTRY ELEMENTS (KOHA)
Koha item type წიგნი
Source of classification or shelving scheme
ეგზემპლარები
Withdrawn status Lost status Source of classification or shelving scheme Damaged status Not for loan Permanent Location Current Location Shelving location Date acquired Cost, normal purchase price Full call number Barcode Date last seen Copy number Price effective from Koha item type Public note
          ბათუმის შოთა რუსთაველის სახელმწიფო უნივერსიტეტის მთავარი ბიბლიოთეკა ბათუმის შოთა რუსთაველის სახელმწიფო უნივერსიტეტის მთავარი ბიბლიოთეკა წიგნსაცავი 2018-12-17 2.00 069 A-36 4530 2018-12-17 4530 2018-12-17 წიგნი 2.00